Pacific Asia in the 21st century : (Record no. 69120)
[ view plain ]
| 000 -LEADER | |
|---|---|
| fixed length control field | 00786nam a2200253 a 4500 |
| 001 - CONTROL NUMBER | |
| control field | 69120 |
| 003 - CONTROL NUMBER IDENTIFIER | |
| rucl marc code | BD-RjUL |
| 005 - DATE AND TIME OF LATEST TRANSACTION | |
| control field | 20211209081842.0 |
| 008 - FIXED-LENGTH DATA ELEMENTS--GENERAL INFORMATION | |
| fixed length control field | 170410s1993 cc a b 001 0 eng d |
| 020 ## - INTERNATIONAL STANDARD BOOK NUMBER | |
| International Standard Book Number | 9622015999 : |
| 035 ## - SYSTEM CONTROL NUMBER | |
| System control number | (BD-RjUL)69331 |
| 040 ## - CATALOGING SOURCE | |
| Original cataloging agency | DS |
| Transcribing agency | DS |
| Modifying agency | BD-RjUL |
| Language of cataloging | eng |
| 041 ## - LANGUAGE CODE | |
| Language code of text/sound track or separate title | eng |
| 082 ## - DEWEY DECIMAL CLASSIFICATION NUMBER | |
| Edition number | 23 |
| Classification number | 910.9 |
| Author mark and year | PAC 1993 |
| 245 00 - TITLE STATEMENT | |
| Title | Pacific Asia in the 21st century : |
| Remainder of title | geographical and developmental perspectives / |
| Statement of responsibility, etc. | edited by Yue-man Yeung |
| 260 ## - PUBLICATION, DISTRIBUTION, ETC. (IMPRINT) | |
| Place of publication, distribution, etc. | Hong Kong : |
| Name of publisher, distributor, etc. | Chinese University Press, |
| Date of publication, distribution, etc. | c1993. |
| 300 ## - PHYSICAL DESCRIPTION | |
| Pagination | xii, 346 p. : |
| Illustrations | ill.; |
| Size | 24 cm. |
| 504 ## - BIBLIOGRAPHY, ETC. NOTE | |
| Bibliography, etc | Includes bibliography and index. |
| 650 ## - SUBJECT ADDED ENTRY--TOPICAL TERM | |
| Topical term or geographic name as entry element | History |
| 9 (RLIN) | 207700 |
| Topical term or geographic name as entry element | Geographic treatment |
| 9 (RLIN) | 207701 |
| 700 1# - ADDED ENTRY--PERSONAL NAME | |
| Personal name | Yeung, Yue-man. |
| 942 ## - ADDED ENTRY ELEMENTS (KOHA) | |
| Source of classification or shelving scheme | Dewey Decimal Classification |
| Koha item type | Books |
| Lost status | Source of classification or shelving scheme | Damaged status | Not for loan | Collection code | Permanent Location | Current Location | Shelving location | Date acquired | Total Checkouts | Full call number | Date last seen | Copy number | Koha item type |
|---|---|---|---|---|---|---|---|---|---|---|---|---|---|
| Dewey Decimal Classification | Not For Loan | Non-fiction | Central Library, University of Rajshahi | Central Library, University of Rajshahi | Reading Room | 09/12/2021 | 910.9 PAC 1993 | 10/04/2017 | C-1 | Books |